K orientácii vývojových trendov v manažmente
Hlavná orientácia vývojových trendov v manažmente. Vymedzenie trendov a charakteristika prostredníctvom kľúčových pojmov. Usporiadanosť charakteristík podľa kritéria s vyznačením sféry prejavu je možné použiť na tvorbu výrokov o budúcich trendoch. Alternatívy aplikácie prezentovaných poznatkov.
Gespeichert in:
| 1. Verfasser: | |
|---|---|
| Format: | Buchkapitel |
| Sprache: | Slowakisch |
| Schlagworte: | |
| Tags: |
Keine Tags, Fügen Sie das erste Tag hinzu!
|
MARC
| LEADER | 00000naa a2200000 4500 | ||
|---|---|---|---|
| 001 | r040791 | ||
| 005 | 20230825104018.7 | ||
| 041 | 0 | |a slo | |
| 044 | |a SK | ||
| 245 | 1 | 0 | |a K orientácii vývojových trendov v manažmente |c František Lipták |
| 520 | |a Hlavná orientácia vývojových trendov v manažmente. Vymedzenie trendov a charakteristika prostredníctvom kľúčových pojmov. Usporiadanosť charakteristík podľa kritéria s vyznačením sféry prejavu je možné použiť na tvorbu výrokov o budúcich trendoch. Alternatívy aplikácie prezentovaných poznatkov. | ||
| 610 | 2 | 0 | |a manažment |
| 610 | 2 | 0 | |a megatrendy |
| 610 | 2 | 0 | |a vývoj |
| 610 | 2 | 0 | |a riadenie vedecké |
| 610 | 2 | 0 | |a riadenie strategické |
| 610 | 2 | 0 | |a predvídanie |
| 100 | 1 | |a Lipták, František | |